000 00703nam a22002417a 4500
999 _c1260
_d1260
001 003682
003 CoMeUDC003682
005 20190215163118.0
008 900725s1981 mx spa
016 7 _abimoBNE19972003487
_zIND9100193552
_2SpMaBN
020 _a9681813278
035 _a(OCoLC)431818547
040 _aSpMaBN
_bspa
_cCoMeUDC
080 0 _a330.322.54
100 1 _aCoss Bu, Raúl
245 1 0 _aAnálisis y evaluación de proyectos de inversión
_h[Texto impreso]
_cRaúl Coss Bu
260 _aMéxico
_bLimusa
_c1981
300 _a349 p.
_c25 cm
650 7 _aEvaluación de proyectos
_2embne
942 _2ddc
_cBK
956 _a1
980 _aM-BN
_bBNMADRID
_j4/182759
_cSG_RECOLET